Statistics for xikers all songs(2024 update)

Click here to take the quiz!

General Stats

  • This quiz has been taken 41 times
  • The average score is 13 of 19

Answer Stats

HintAnswer% Correct
HOUSE OF TRICKY :
Doorbell Ringing
TRICKY HOUSE
100%
HOUSE OF TRICKY :
HOW TO PLAY
DO or DIE
94%
HOUSE OF TRICKY :
Trial And Error
We Don’t Stop
94%
HOUSE OF TRICKY :
Doorbell Ringing
ROCKSTAR
88%
HOUSE OF TRICKY :
Doorbell Ringing
XIKEY
88%
HOUSE OF TRICKY :
HOW TO PLAY
HOME BOY
82%
HOUSE OF TRICKY :
HOW TO PLAY
Koong
82%
HOUSE OF TRICKY :
Trial And Error
Red Sun
76%
HOUSE OF TRICKY :
HOW TO PLAY
Run
76%
HOUSE OF TRICKY :
Doorbell Ringing
Doorbell Ringing
71%
HOUSE OF TRICKY :
Doorbell Ringing
Oh My Gosh
71%
HOUSE OF TRICKY :
HOW TO PLAY
Skater
71%
HOUSE OF TRICKY :
Trial And Error
Break A Leg
65%
HOUSE OF TRICKY :
HOW TO PLAY
Sunny Side
65%
HOUSE OF TRICKY :
Trial And Error
Supercalifragilistic
53%
HOUSE OF TRICKY :
Doorbell Ringing
Dynamic
29%
HOUSE OF TRICKY :
Trial And Error
Every Flavor Jelly
29%
HOUSE OF TRICKY :
Doorbell Ringing
The TRICKY's Secret
29%
HOUSE OF TRICKY :
Trial And Error
Trial And Error
(whereabouts)
18%

Score Distribution

Percentile by Number Answered

Percent of People with Each Score

Your Score History

You have not taken this quiz